000
00305nam a22001337a 4500
008
171023b xxu||||| |||| 00| 0 eng d
020
_a
9780071284189
041
_a
eng
080
_2
12TH
_a
338
100
_a
54
101
_a
MO
245
_a
OPERATIONS & SUPPLY MANAGEMENT
_c
JACOBS,F.R
942
_2
udc
_c
BK
999
_c
35470
_d
35470